Les chauffeurs de l'an VIII , l'ancienne manière / (Record no. 68888)

MARC details
000 -LEADER
campo de control de longitud fija 00479nam a2200169 i 4500
001 - NÚMERO DE CONTROL
campo de control 68888
003 - IDENTIFICADOR DE NÚMERO DE CONTROL
campo de control ES-MaACL
005 - FECHA Y HORA DE LA ÚLTIMA TRANSACCIÓN
campo de control 20230906170403.0
007 - CAMPO FIJO DE DESCRIPCIÓN FÍSICA--INFORMACIÓN GENERAL
campo de control de longitud fija t|
008 - DATOS DE LONGITUD FIJA--INFORMACIÓN GENERAL
campo de control de longitud fija 040722s1913 fr ||||1| fre d
080 ## - NÚMERO DE LA CLASIFICACIÓN DECIMAL UNIVERSAL
Número de la Clasificación Decimal Universal 821.133.1-31"18"
100 1# - ENTRADA PRINCIPAL--NOMBRE DE PERSONA
Nombre de persona Goron, Marie-François.
9 (RLIN) 59206
245 14 - MENCIÓN DEL TÍTULO
Título Les chauffeurs de l'an VIII , l'ancienne manière /
Mención de responsabilidad, etc. Marie-François Goron.
260 ## - PUBLICACIÓN, DISTRIBUCIÓN, ETC.
Lugar de publicación, distribución, etc. Paris :
Nombre del editor, distribuidor, etc. Flammarion,
Fecha de publicación, distribución, etc. [1913?]
300 ## - DESCRIPCIÓN FÍSICA
Extensión 308 p. ;
Dimensiones 19 cm.
852 ## - LOCALIZACIÓN
Ubicación ES-MaACL
Número de control de estantería D-1375
Holdings
Estatus retirado Estado de pérdida Estado de daño No para préstamo Biblioteca de origen Biblioteca actual Ubicación en estantería Fecha de adquisición Fuente de adquisición Total de préstamos Signatura topográfica completa Código de barras Visto por última vez Precio de reemplazo Tipo de ítem Koha
        Biblioteca del Ateneo de Madrid Biblioteca del Ateneo de Madrid Sala Valle Inclán 17/01/2008     D-1375 901072136 23/02/2023 23/02/2023 Libro impreso